| 000 | 00704nam a22002417a 4500 | ||
|---|---|---|---|
| 003 | OSt | ||
| 005 | 20151009094454.0 | ||
| 008 | 151009b xxu||||| |||| 00| 0 eng d | ||
| 020 | _a9780618604487 | ||
| 040 | _aSEKU | ||
| 050 |
_aJF 125 _b.J6 |
||
| 100 | _aJoseph, William A. | ||
| 245 |
_aIntroduction to politics of the developing world : _bpolitics challenges and changing agendas |
||
| 250 | _a4th ed. | ||
| 260 |
_aBoston _bHoughton Mifflin _c2007 |
||
| 300 |
_a352 p. : _bill. |
||
| 504 | _aIncludes bibli. refs. | ||
| 650 | _aComparative government. | ||
| 650 |
_aDeveloping countries _xPolitics and government |
||
| 700 | _aKrieger, Joel | ||
| 700 | _aKesselman, Mark | ||
| 942 |
_2lcc _cGEN |
||
| 999 |
_c9407 _d9407 |
||